00387nam a2200145Ia 450000500170000000800410001702000180005808200240007610000410010024500360014125000120017726000260018930000170021565000090023220250529082913.0231217s9999 xx 000 0 und d a9780072119763 a001.6424JAV NAU;14 aNaughton, Patrick. Schildt, Herbert. 0aJava 2 : The complete reference a3rd ed. c1999bTMHaNew Delhi axxviii, 1108 aJava